Jeeves and friends : Short stories
Na minha lista:
| Autor principal: | |
|---|---|
| Formato: | Livro |
| Idioma: | Undetermined |
| Publicado em: |
Oxford
Oxford University Press
2000
|
| Assuntos: | |
| Tags: |
Adicionar Tag
Sem tags, seja o primeiro a adicionar uma tag!
|
| Thư viện lưu trữ: | Trung tâm Học liệu Trường Đại học Cần Thơ |
|---|
| LEADER | 00542nam a2200217Ia 4500 | ||
|---|---|---|---|
| 001 | CTU_88440 | ||
| 008 | 210402s9999 xx 000 0 und d | ||
| 020 | |c 37000 | ||
| 082 | |a 823.9 | ||
| 082 | |b W838 | ||
| 100 | |a Wodehouse, P. G. | ||
| 245 | 0 | |a Jeeves and friends : | |
| 245 | 0 | |b Short stories | |
| 245 | 0 | |c P. G. Wodehouse | |
| 260 | |a Oxford | ||
| 260 | |b Oxford University Press | ||
| 260 | |c 2000 | ||
| 650 | |a English | ||
| 650 | |x Fiction | ||
| 904 | |i Giang, Hải | ||
| 980 | |a Trung tâm Học liệu Trường Đại học Cần Thơ | ||